NLSUI OPAC header image

Bangalorean Mahatma Gandhi (Record no. 120672)

MARC details
000 -LEADER
fixed length control field 00285nam a2200109Ia 4500
100 ## - MAIN ENTRY--PERSONAL NAME
Personal name Megaval Somashekhar
245 #0 - TITLE STATEMENT
Title Bangalorean Mahatma Gandhi
264 ## - PRODUCTION, PUBLICATION, DISTRIBUTION, MANUFACTURE, AND COPYRIGHT NOTICE
Name of producer, publisher, distributor, manufacturer Bharathi Vidya Bhavan
Place of production, publication, distribution, manufacture Bangalore
300 ## - PHYSICAL DESCRIPTION
Extent 197
942 ## - ADDED ENTRY ELEMENTS (KOHA)
Koha item type CSSEIP Office Library Collection
Holdings
Withdrawn status Lost status Damaged status Not for loan Home library Current library Shelving location Date acquired Total Checkouts Barcode Date last seen Price effective from Koha item type
      Not For Loan . . CSSEIP Office Library - Gandhian Studies 23.06.2020   G0023                23.06.2020 23.06.2020 CSSEIP Office Library Collection